000 004920000a22001930004500
001 003722
003 MACL
005 20150910161420.0
008 150910b xxu||||| |||| 00| 0 eng d
040 _aMACL
_cMACL
041 _aEnglish
082 _a820/ADA
100 _aAdvani, Kalyan B.
_910006
245 _aShah Latif
_bMakers Of Indian Literature
_cKalyan B. Advani
260 _aDelhi
_c1982
_bShahitya Academi,
350 _a15
650 _aLiterature
_910007
942 _k820
_cBK
_2ddc
999 _c15616
_d15616